[Event "Liga Madrileña - DH 2016-2017"]
[Site "Madrid ESP"]
[Date "2017.03.19"]
[Round "14.22"]
[White "Nayhebaver, Martin"]
[Black "Beltran de Heredia Eguiaz, Miguel Angel"]
[Result "1/2-1/2"]
[WhiteElo "2437"]
[BlackElo "2224"]
[PlyCount "139"]
[EventDate "2016.11.20"]
[EventType "team-tourn"]
[EventRounds "14"]
[EventCountry "ESP"]
[SourceTitle "Ajedrez en Madrid"]
[Source "lmi"]
[SourceDate "2016.11.20"]
[WhiteTeam "64 Villalba"]
[BlackTeam "Blanco y Negro"]
[WhiteTeamCountry "ESP"]
[BlackTeamCountry "ESP"]

1. e4 c5 2. Nf3 e6 3. d4 cxd4 4. Nxd4 Nc6 5. Nc3 Nf6 6. Ndb5 d6 7. Bf4 e5 8.
Bg5 a6 9. Na3 b5 10. Nd5 Qa5+ 11. Bd2 Qd8 12. Bd3 Be7 13. O-O Be6 14. c4 bxc4
15. Nxf6+ Bxf6 16. Bxc4 O-O 17. Bc3 Nd4 18. Bd5 Bxd5 19. exd5 Nb5 20. Nxb5 axb5
21. Qb3 Qd7 22. Bd2 Rfc8 23. Rac1 g6 24. a3 Bg7 25. Rfe1 h5 26. h3 Kf8 27. Re4
Rxc1+ 28. Bxc1 Rc8 29. Bd2 Ke7 30. a4 f5 31. Rb4 bxa4 32. Rxa4 Rc7 33. Ra6 Kf7
34. Qb8 Rb7 35. Rxd6 Qe7 36. Qc8 Rc7 37. Qd8 Bf6 38. Qxe7+ Bxe7 39. Rb6 Rd7 40.
Rb5 e4 41. Kf1 Bf6 42. Ke2 Bd4 43. Bc3 Bxc3 44. bxc3 Kf6 45. f4 exf3+ 46. gxf3
Ke5 47. Ke3 f4+ 48. Kd3 g5 49. d6+ Kf6 50. Rd5 Ke6 51. Ke4 g4 52. hxg4 hxg4 53.
fxg4 f3 54. Rd1 f2 55. Ke3 Rf7 56. Ke2 Kd7 57. Kf1 Rf3 58. Rd4 Rxc3 59. Kxf2
Ra3 60. Rd5 Rb3 61. Ke2 Ra3 62. Kf2 Rb3 63. Kg2 Ra3 64. g5 Rb3 65. g6 Rb8 66.
Kf3 Rg8 67. Rg5 Kxd6 68. Kg4 Ke6 69. Kh5 Kf6 70. g7 1/2-1/2

[Event "Liga Madrileña - DH 2016-2017"]
[Site "Madrid ESP"]
[Date "2017.03.19"]
[Round "14.23"]
[White "Shen, Yue"]
[Black "Ruperez Benito, Antonio"]
[Result "1-0"]
[WhiteElo "2223"]
[BlackElo "2313"]
[PlyCount "111"]
[EventDate "2016.11.20"]
[EventType "team-tourn"]
[EventRounds "14"]
[EventCountry "ESP"]
[SourceTitle "Ajedrez en Madrid"]
[Source "lmi"]
[SourceDate "2016.11.20"]
[WhiteTeam "Blanco y Negro"]
[BlackTeam "64 Villalba"]
[WhiteTeamCountry "ESP"]
[BlackTeamCountry "ESP"]

1. d4 e6 2. c4 d5 3. Nf3 Nf6 4. g3 dxc4 5. Bg2 c5 6. O-O Nc6 7. Qa4 Bd7 8. Qxc4
cxd4 9. Nxd4 Rc8 10. Nc3 Nxd4 11. Qxd4 Bc5 12. Qf4 Bc6 13. Rd1 Qe7 14. Bxc6+
bxc6 15. Na4 Bb6 16. Qc4 Nd7 17. Bf4 e5 18. Bd2 h5 19. h4 Nc5 20. Bb4 Qe6 21.
Qc2 Nxa4 22. Qxa4 Qg4 23. Qa3 Qxe2 24. Bc5 Qb5 25. Bxb6 Qxb6 26. Rd2 Rh6 27.
Rad1 Rf6 28. Qd3 Kf8 29. Qh7 Rh6 30. Qf5 Re8 31. Re2 Rf6 32. Qxh5 Kg8 33. Rdd2
Qc5 34. Kg2 g6 35. Qg4 Rfe6 36. a3 e4 37. Re3 Qe7 38. Rde2 f5 39. Qf4 Rd8 40.
Kh2 Kg7 41. f3 Re8 42. Re1 Re5 43. Kh3 Qe6 44. Kh2 Qe7 45. b4 Rh8 46. Kg1 Re8
47. R1e2 Rd5 48. Kf2 Re5 49. Re1 Rf8 50. Rc3 Re6 51. Rec1 Qd7 52. R1c2 Rfe8 53.
Re3 Qd4 54. Rce2 R8e7 55. h5 exf3 56. Qxd4+ 1-0

[Event "Liga Madrileña - DH 2016-2017"]
[Site "Madrid ESP"]
[Date "2017.03.19"]
[Round "14.24"]
[White "Fernandez de Bobadilla, Gabriel"]
[Black "Rodriguez Melendez, Juan Humberto"]
[Result "1-0"]
[WhiteElo "2241"]
[BlackElo "2166"]
[PlyCount "111"]
[EventDate "2016.11.20"]
[EventType "team-tourn"]
[EventRounds "14"]
[EventCountry "ESP"]
[SourceTitle "Ajedrez en Madrid"]
[Source "lmi"]
[SourceDate "2016.11.20"]
[WhiteTeam "64 Villalba"]
[BlackTeam "Blanco y Negro"]
[WhiteTeamCountry "ESP"]
[BlackTeamCountry "ESP"]

1. d4 Nf6 2. c4 g6 3. Nc3 d5 4. Nf3 Bg7 5. Bg5 Ne4 6. cxd5 Nxc3 7. bxc3 Qxd5 8.
Qb3 Qxb3 9. axb3 c5 10. e3 Nc6 11. Bb5 Bd7 12. O-O a6 13. Rfc1 Rc8 14. Bd3 cxd4
15. exd4 e6 16. Nd2 h6 17. Bf4 Rd8 18. Nc4 Bc8 19. Be4 g5 20. Bc7 Rd7 21. Bxc6
bxc6 22. Bd6 Bb7 23. b4 Kd8 24. Ra3 Rg8 25. Kf1 Bf6 26. Bc5 Kc7 27. Bb6+ Kb8
28. Rca1 g4 29. Bc5 Kc7 30. Bb6+ Kb8 31. Ra5 Rd5 32. Bc5 Bd8 33. R5a2 Bc7 34.
Kg1 h5 35. Bb6 Bf4 36. Na5 Ba8 37. Nb3 Bb7 38. Nc5 Rxc5 39. Bxc5 Kc7 40. Re2
Kd7 41. g3 Bc7 42. Re3 Bc8 43. Kg2 Bb7 44. h3 gxh3+ 45. Kxh3 Ke8 46. Re4 Bc8
47. Kg2 Rg5 48. f4 Rg4 49. Kf3 f5 50. Ree1 h4 51. Rg1 hxg3 52. Rxg3 Rxf4+ 53.
Kg2 Kf7 54. Rh1 Bd8 55. Rh7+ Kf6 56. Bd6 1-0

[Event "Liga Madrileña - DH 2016-2017"]
[Site "Madrid ESP"]
[Date "2017.03.19"]
[Round "14.25"]
[White "Bento Iglesias, Pablo"]
[Black "Veganzonez Rojo, David"]
[Result "1-0"]
[WhiteElo "2001"]
[BlackElo "2117"]
[PlyCount "77"]
[EventDate "2016.11.20"]
[EventType "team-tourn"]
[EventRounds "14"]
[EventCountry "ESP"]
[SourceTitle "Ajedrez en Madrid"]
[Source "lmi"]
[SourceDate "2016.11.20"]
[WhiteTeam "Blanco y Negro"]
[BlackTeam "64 Villalba"]
[WhiteTeamCountry "ESP"]
[BlackTeamCountry "ESP"]

1. e4 e5 2. Nf3 Nc6 3. Bb5 f5 4. d3 fxe4 5. dxe4 Nf6 6. Bg5 Bb4+ 7. c3 Be7 8.
Nbd2 d6 9. O-O O-O 10. Bc4+ Kh8 11. b4 h6 12. Bxf6 Bxf6 13. Qb3 Qe8 14. h3 g5
15. Nh2 Bg7 16. g4 Ne7 17. Be6 Ng6 18. Bxc8 Rxc8 19. Nhf3 Nf4 20. Kh2 Qg6 21.
Rh1 d5 22. Qc2 d4 23. c4 Ne2 24. Rae1 Nc3 25. a3 Rf4 26. Qd3 Rcf8 27. Kg3 Qf7
28. h4 gxh4+ 29. Nxh4 Rxf2 30. Nf5 Rf4 31. Nxh6 Bxh6 32. Rxh6+ Kg7 33. Reh1 Kg8
34. Rh8+ Kg7 35. R8h7+ Kg6 36. R1h6+ Kg5 37. Rh5+ Kg6 38. Rxf7 R8xf7 39. Rxe5
1-0

[Event "Liga Madrileña - DH 2016-2017"]
[Site "Madrid ESP"]
[Date "2017.03.19"]
[Round "14.26"]
[White "Palomino Menendez, Salvador"]
[Black "Herranz Sanchez, Pablo"]
[Result "0-1"]
[WhiteElo "1932"]
[BlackElo "1965"]
[PlyCount "58"]
[EventDate "2016.11.20"]
[EventType "team-tourn"]
[EventRounds "14"]
[EventCountry "ESP"]
[SourceTitle "Ajedrez en Madrid"]
[Source "lmi"]
[SourceDate "2016.11.20"]
[WhiteTeam "64 Villalba"]
[BlackTeam "Blanco y Negro"]
[WhiteTeamCountry "ESP"]
[BlackTeamCountry "ESP"]

1. e4 c5 2. Nc3 e6 3. f4 Nc6 4. Bb5 Nge7 5. Bxc6 Nxc6 6. Nf3 g6 7. d3 Bg7 8.
O-O O-O 9. f5 exf5 10. Nd5 d6 11. Bg5 f6 12. Bd2 Be6 13. Nf4 Qd7 14. Qe1 Rae8
15. exf5 Bxf5 16. Qg3 Bg4 17. h3 Bxf3 18. Qxf3 Nd4 19. Qd5+ Kh8 20. Rae1 Re5
21. Rxe5 fxe5 22. Nxg6+ hxg6 23. Rxf8+ Bxf8 24. c3 Ne2+ 25. Kf2 Nf4 26. Qe4 Qc6
27. Bxf4 Qxe4 28. dxe4 exf4 29. Kf3 Bh6 0-1

[Event "Liga Madrileña - DH 2016-2017"]
[Site "Madrid ESP"]
[Date "2017.03.19"]
[Round "14.32"]
[White "Moreno Ruiz, Javier"]
[Black "Fraga Castro, Jose Carlos"]
[Result "1-0"]
[WhiteElo "2448"]
[BlackElo "2207"]
[PlyCount "115"]
[EventDate "2016.11.20"]
[EventType "team-tourn"]
[EventRounds "14"]
[EventCountry "ESP"]
[SourceTitle "Ajedrez en Madrid"]
[Source "lmi"]
[SourceDate "2016.11.20"]
[WhiteTeam "Collado Villalba"]
[BlackTeam "Moratalaz"]
[WhiteTeamCountry "ESP"]
[BlackTeamCountry "ESP"]

1. e4 c5 2. c3 Nf6 3. e5 Nd5 4. d4 cxd4 5. Nf3 e6 6. cxd4 d6 7. Bc4 Nb6 8. Bd3
Be7 9. O-O Nc6 10. Nc3 dxe5 11. dxe5 Nb4 12. Be4 Qxd1 13. Rxd1 O-O 14. Bg5 Bxg5
15. Nxg5 h6 16. Nf3 Bd7 17. Bxb7 Rab8 18. Be4 Bc6 19. Bxc6 Nxc6 20. b3 Nb4 21.
Nd4 Rfd8 22. Kf1 Rbc8 23. Ncb5 Nc2 24. Rac1 Nxd4 25. Rxc8 Rxc8 26. Nxd4 Rc5 27.
Rd2 Rxe5 28. Nc6 Rc5 29. Nxa7 Nd5 30. a4 Rc1+ 31. Ke2 Rb1 32. Nb5 Rxb3 33. Ra2
Nb4 34. Ra3 Rb2+ 35. Kf3 g5 36. Nd4 Na6 37. a5 Rb4 38. Ke3 f5 39. Kd3 Kf7 40.
Kc3 Kf6 41. Rb3 Ra4 42. Nc6 Nc5 43. Rb5 Ne4+ 44. Kb3 Ra1 45. Kb2 Ra4 46. Rb4
Rxb4+ 47. Nxb4 Nd6 48. a6 Nc8 49. Nc6 e5 50. a7 Nb6 51. Kc3 Ke6 52. Kb4 Kd6 53.
Kb5 Na8 54. Nd8 Ke7 55. Nb7 e4 56. Kc5 Ke6 57. Nd6 h5 58. Nc4 1-0

[Event "Liga Madrileña - DH 2016-2017"]
[Site "Madrid ESP"]
[Date "2017.03.19"]
[Round "14.33"]
[White "Cortes Jurado, Rafael"]
[Black "Reyes Larena, Juan"]
[Result "0-1"]
[WhiteElo "2119"]
[BlackElo "2448"]
[PlyCount "154"]
[EventDate "2016.11.20"]
[EventType "team-tourn"]
[EventRounds "14"]
[EventCountry "ESP"]
[SourceTitle "Ajedrez en Madrid"]
[Source "lmi"]
[SourceDate "2016.11.20"]
[WhiteTeam "Moratalaz"]
[BlackTeam "Collado Villalba"]
[WhiteTeamCountry "ESP"]
[BlackTeamCountry "ESP"]

1. e4 e5 2. Nf3 Nc6 3. Nc3 Nf6 4. d4 exd4 5. Nxd4 Bb4 6. Nxc6 bxc6 7. Bd3 d6 8.
O-O Ng4 9. Bf4 Qf6 10. Qd2 O-O 11. Bg3 Rb8 12. a3 Bc5 13. Na4 Bb6 14. Nxb6 Rxb6
15. b4 Rb8 16. Rae1 Qb2 17. Rb1 Qf6 18. Rbe1 Ne5 19. Bxe5 Qxe5 20. f4 Qb2 21.
Rb1 Qd4+ 22. Kh1 Ba6 23. Qe2 Bxd3 24. Qxd3 Qb6 25. Rbe1 a5 26. c3 Rfe8 27. e5
axb4 28. axb4 Qb5 29. Qd4 Rbd8 30. Qa7 dxe5 31. fxe5 Rd7 32. h3 h6 33. Qe3 Qd3
34. Rf4 Qxe3 35. Rxe3 c5 36. bxc5 Rd5 37. Rd4 Rdxe5 38. Rf3 R5e7 39. c6 Kf8 40.
Rf5 f6 41. Rfd5 Re6 42. Rc5 R8e7 43. Rd8+ Kf7 44. Kh2 Re5 45. Rc4 h5 46. Kg3
Rg5+ 47. Kf3 Rf5+ 48. Rf4 Rc5 49. Rd3 Rxc6 50. Rf5 Re5 51. Rd7+ Kg6 52. Rxe5
fxe5 53. Ke4 Rxc3 54. Kxe5 Rc2 55. Kf4 Kf6 56. g4 Rc4+ 57. Kg3 Rc3+ 58. Kf4
Rc4+ 59. Kg3 hxg4 60. hxg4 g6 61. Kf3 c6 62. Rd6+ Kg5 63. Re6 Rc3+ 64. Ke2 c5
65. Kd2 Rc4 66. Ke3 Rc1 67. Kd2 Rf1 68. Ke2 Rf6 69. Re5+ Kxg4 70. Rxc5 g5 71.
Ke3 Kh4 72. Rc1 g4 73. Rh1+ Kg3 74. Rg1+ Kh3 75. Ke2 g3 76. Rh1+ Kg2 77. Rh8
Re6+ 0-1

[Event "Liga Madrileña - DH 2016-2017"]
[Site "Madrid ESP"]
[Date "2017.03.19"]
[Round "14.34"]
[White "Martin Duque, Jesus"]
[Black "Cobo Diego, Fidel"]
[Result "1-0"]
[WhiteElo "2312"]
[BlackElo "2056"]
[PlyCount "51"]
[EventDate "2016.11.20"]
[EventType "team-tourn"]
[EventRounds "14"]
[EventCountry "ESP"]
[SourceTitle "Ajedrez en Madrid"]
[Source "lmi"]
[SourceDate "2016.11.20"]
[WhiteTeam "Collado Villalba"]
[BlackTeam "Moratalaz"]
[WhiteTeamCountry "ESP"]
[BlackTeamCountry "ESP"]

1. e4 c5 2. Nf3 d6 3. d4 cxd4 4. Nxd4 Nf6 5. Nc3 a6 6. Rg1 b5 7. g4 Bb7 8. Bg2
Nfd7 9. a3 e6 10. g5 Nb6 11. f4 e5 12. Nde2 N8d7 13. f5 Be7 14. h4 f6 15. Ng3
Kf8 16. Qg4 Qc7 17. Nh5 Rg8 18. Bf3 Qc4 19. Be2 Qc7 20. g6 h6 21. Bxh6 Nc5 22.
Nxg7 Rxg7 23. h5 Bd8 24. Bd2 d5 25. h6 dxe4 26. hxg7+ 1-0

[Event "Liga Madrileña - DH 2016-2017"]
[Site "Madrid ESP"]
[Date "2017.03.19"]
[Round "14.36"]
[White "Collazo Hidalgo Gato, Niala"]
[Black "Garcia Ruido, Ricardo"]
[Result "1-0"]
[WhiteElo "2225"]
[BlackElo "2000"]
[PlyCount "101"]
[EventDate "2016.11.20"]
[EventType "team-tourn"]
[EventRounds "14"]
[EventCountry "ESP"]
[SourceTitle "Ajedrez en Madrid"]
[Source "lmi"]
[SourceDate "2016.11.20"]
[WhiteTeam "Collado Villalba"]
[BlackTeam "Moratalaz"]
[WhiteTeamCountry "ESP"]
[BlackTeamCountry "ESP"]

1. e4 e5 2. Nc3 Nf6 3. g3 Nc6 4. Bg2 Bc5 5. Nge2 O-O 6. O-O a6 7. h3 d6 8. d3
h6 9. Kh2 Nd4 10. f4 b5 11. Nxd4 Bxd4 12. Ne2 Ba7 13. Qe1 Bb7 14. fxe5 dxe5 15.
g4 Nd7 16. Qg3 Qe7 17. Bd2 Rfe8 18. Rf5 f6 19. Qh4 Nf8 20. Raf1 Bc8 21. R5f3
Be6 22. Bxh6 gxh6 23. Rxf6 Qg7 24. Rxh6 Bc5 25. Ng3 Be7 26. Qh5 Bg5 27. Rh8+
Qxh8 28. Qxg5+ Qg7 29. Qe3 Nh7 30. Nf5 Bxf5 31. exf5 Rad8 32. Be4 Kh8 33. Qg3
Rg8 34. f6 Nxf6 35. Rf5 Rgf8 36. Qh4+ Nh7 37. Rh5 Rd7 38. Rxh7+ Qxh7 39. Bxh7
Rxh7 40. Qg5 Rf2+ 41. Kg3 Rxc2 42. Qd8+ Kg7 43. Qe7+ Kg8 44. Qe8+ Kg7 45. Qxe5+
Kg8 46. Qe8+ Kg7 47. h4 Rh6 48. Qe5+ Kh7 49. g5 Rd6 50. Qf5+ Kg8 51. g6 1-0

[Event "Liga Madrileña - DH 2016-2017"]
[Site "Madrid ESP"]
[Date "2017.03.19"]
[Round "14.41"]
[White "Almagro Llamas, Pablo"]
[Black "Candela Perez, Jose"]
[Result "1/2-1/2"]
[WhiteElo "2446"]
[BlackElo "2400"]
[PlyCount "44"]
[EventDate "2016.11.20"]
[EventType "team-tourn"]
[EventRounds "14"]
[EventCountry "ESP"]
[SourceTitle "Ajedrez en Madrid"]
[Source "lmi"]
[SourceDate "2016.11.20"]
[WhiteTeam "Virgen de Atocha"]
[BlackTeam "La Casa del Ajedrez"]
[WhiteTeamCountry "ESP"]
[BlackTeamCountry "ESP"]

1. e4 e5 2. Nf3 Nc6 3. Bb5 a6 4. Ba4 d6 5. d4 b5 6. Bb3 Nxd4 7. Nxd4 exd4 8. c3
dxc3 9. Nxc3 Bb7 10. O-O Nf6 11. Qe2 Be7 12. Bg5 O-O 13. Rad1 Nd7 14. Be3 Bf6
15. Nd5 Re8 16. Qc2 c5 17. Qb1 Nb6 18. f3 Be5 19. f4 Bd4 20. Bxd4 cxd4 21. Qd3
Nxd5 22. exd5 Qf6 1/2-1/2

[Event "Liga Madrileña - DH 2016-2017"]
[Site "Madrid ESP"]
[Date "2017.03.19"]
[Round "14.42"]
[White "Suarez Uriel, Adrian"]
[Black "Rubio Mejia, Luis Ignacio"]
[Result "0-1"]
[WhiteElo "2354"]
[BlackElo "2443"]
[PlyCount "86"]
[EventDate "2016.11.20"]
[EventType "team-tourn"]
[EventRounds "14"]
[EventCountry "ESP"]
[SourceTitle "Ajedrez en Madrid"]
[Source "lmi"]
[SourceDate "2016.11.20"]
[WhiteTeam "La Casa del Ajedrez"]
[BlackTeam "Virgen de Atocha"]
[WhiteTeamCountry "ESP"]
[BlackTeamCountry "ESP"]

1. e4 c5 2. Nf3 e6 3. b3 a6 4. Bb2 Nc6 5. Qe2 d6 6. Qe3 Nf6 7. d4 cxd4 8. Nxd4
Qc7 9. c4 Bd7 10. Nc3 Be7 11. Be2 O-O 12. O-O Nxd4 13. Qxd4 Bc6 14. Rac1 Qa5
15. Bf3 Rfd8 16. a3 Qg5 17. b4 Nd7 18. Be2 Bf6 19. Qd3 Ne5 20. Qg3 Qxg3 21.
hxg3 Ng6 22. Rfd1 Bxc3 23. Rxc3 Bxe4 24. b5 Ne7 25. a4 axb5 26. axb5 b6 27. Ba3
Nc8 28. c5 bxc5 29. Bxc5 Rd7 30. Be3 Rb7 31. Rdc1 Ne7 32. b6 Kf8 33. Rc7 Rxc7
34. Rxc7 Nd5 35. Rd7 Nxe3 36. fxe3 Rb8 37. Rxd6 Bd5 38. e4 Ke7 39. e5 f6 40.
Bb5 fxe5 41. Rd7+ Kf6 42. Rd6 e4 43. Be2 Ke7 0-1

[Event "Liga Madrileña - DH 2016-2017"]
[Site "Madrid ESP"]
[Date "2017.03.19"]
[Round "14.43"]
[White "Espinosa Aranda, Angel"]
[Black "Gallego Jimenez, Victoriano"]
[Result "1-0"]
[WhiteElo "2442"]
[BlackElo "2364"]
[PlyCount "53"]
[EventDate "2016.11.20"]
[EventType "team-tourn"]
[EventRounds "14"]
[EventCountry "ESP"]
[SourceTitle "Ajedrez en Madrid"]
[Source "lmi"]
[SourceDate "2016.11.20"]
[WhiteTeam "Virgen de Atocha"]
[BlackTeam "La Casa del Ajedrez"]
[WhiteTeamCountry "ESP"]
[BlackTeamCountry "ESP"]

1. d4 d5 2. c4 Nc6 3. cxd5 Qxd5 4. e3 e5 5. Nc3 Bb4 6. a3 Bxc3+ 7. bxc3 Nf6 8.
c4 Qd6 9. d5 Nb8 10. a4 Ne4 11. Ba3 Nc5 12. Ne2 Nba6 13. Nc3 Bf5 14. e4 Bg6 15.
Be2 O-O 16. O-O f5 17. Nb5 Qd7 18. f4 Qe7 19. d6 cxd6 20. Nxd6 Rad8 21. Qd5+
Kh8 22. fxe5 b6 23. exf5 Bxf5 24. Rxf5 Rxf5 25. Nxf5 Rxd5 26. Nxe7 Rxe5 27. Rf1
1-0

[Event "Liga Madrileña - DH 2016-2017"]
[Site "Madrid ESP"]
[Date "2017.03.19"]
[Round "14.44"]
[White "Elguezabal Varela, Daniel"]
[Black "Plazuelo Pascual, Juan"]
[Result "1/2-1/2"]
[WhiteElo "2345"]
[BlackElo "2307"]
[PlyCount "39"]
[EventDate "2016.11.20"]
[EventType "team-tourn"]
[EventRounds "14"]
[EventCountry "ESP"]
[SourceTitle "Ajedrez en Madrid"]
[Source "lmi"]
[SourceDate "2016.11.20"]
[WhiteTeam "La Casa del Ajedrez"]
[BlackTeam "Virgen de Atocha"]
[WhiteTeamCountry "ESP"]
[BlackTeamCountry "ESP"]

1. d4 e6 2. c4 Nf6 3. Nf3 d5 4. g3 Bb4+ 5. Bd2 Be7 6. Bg2 c6 7. Qb3 Nbd7 8. Bb4
c5 9. dxc5 O-O 10. Nc3 Nxc5 11. Bxc5 Bxc5 12. cxd5 Nxd5 13. Nxd5 Qxd5 14. Qxd5
exd5 15. O-O Be6 16. Rfd1 Rac8 17. Ne5 Bd6 18. Nd3 Rc2 19. Rac1 Rfc8 20. Bf3
1/2-1/2

[Event "Liga Madrileña - DH 2016-2017"]
[Site "Madrid ESP"]
[Date "2017.03.19"]
[Round "14.45"]
[White "Quispe Arteaga, Gabriel"]
[Black "Guadamuro Torrente, Anabel"]
[Result "1/2-1/2"]
[WhiteElo "2270"]
[BlackElo "2130"]
[PlyCount "56"]
[EventDate "2016.11.20"]
[EventType "team-tourn"]
[EventRounds "14"]
[EventCountry "ESP"]
[SourceTitle "Ajedrez en Madrid"]
[Source "lmi"]
[SourceDate "2016.11.20"]
[WhiteTeam "Virgen de Atocha"]
[BlackTeam "La Casa del Ajedrez"]
[WhiteTeamCountry "ESP"]
[BlackTeamCountry "ESP"]

1. d4 d5 2. c4 c6 3. Nf3 e6 4. e3 Nf6 5. Bd3 Nbd7 6. O-O Bd6 7. Nbd2 O-O 8. e4
dxe4 9. Nxe4 Be7 10. Qc2 h6 11. Rd1 Qc7 12. h3 Nxe4 13. Bxe4 e5 14. Be3 exd4
15. Bxd4 Bf6 16. Rd2 Bxd4 17. Nxd4 Nf6 18. Bf3 Qe5 19. Rad1 Qg5 20. Kh1 c5 21.
Ne2 Bf5 22. Qc3 Rae8 23. Ng3 Be4 24. Re2 Bxf3 25. Qxf3 Rxe2 26. Qxe2 Qf4 27. b3
b6 28. Qd2 Qxd2 1/2-1/2

[Event "Liga Madrileña - DH 2016-2017"]
[Site "Madrid ESP"]
[Date "2017.03.19"]
[Round "14.46"]
[White "Collado Barbas, Laura"]
[Black "Vazquez Torres, Adrian"]
[Result "1-0"]
[WhiteElo "2096"]
[BlackElo "2223"]
[PlyCount "75"]
[EventDate "2016.11.20"]
[EventType "team-tourn"]
[EventRounds "14"]
[EventCountry "ESP"]
[SourceTitle "Ajedrez en Madrid"]
[Source "lmi"]
[SourceDate "2016.11.20"]
[WhiteTeam "La Casa del Ajedrez"]
[BlackTeam "Virgen de Atocha"]
[WhiteTeamCountry "ESP"]
[BlackTeamCountry "ESP"]

1. d4 Nf6 2. c4 e6 3. Nc3 Bb4 4. Qc2 c5 5. dxc5 Na6 6. a3 Bxc3+ 7. Qxc3 Nxc5 8.
f3 a5 9. e4 Qc7 10. e5 Ng8 11. Be3 Ne7 12. Rd1 Na4 13. Qb3 Qxe5 14. Ne2 Nf5 15.
Bf4 Qxb2 16. Qxa4 O-O 17. Bc1 Qe5 18. Qb5 d5 19. Bf4 Qf6 20. cxd5 exd5 21. g3
Ne3 22. Bxe3 Qxf3 23. Bc5 Qxh1 24. Bxf8 Bh3 25. Nf4 Bxf1 26. Qxf1 Qxh2 27. Qg2
Qxg2 28. Nxg2 Re8+ 29. Kf2 Kxf8 30. Rxd5 b6 31. Ne3 Rc8 32. a4 Rc1 33. Rd6 g6
34. Nd5 Rd1 35. Rd7 Rb1 36. Rb7 Ra1 37. Nxb6 Rb1 38. Nd7+ 1-0

[Event "Liga Madrileña - DH 2016-2017"]
[Site "Madrid ESP"]
[Date "2017.03.19"]
[Round "14.11"]
[White "Valles Moreno, Ivan"]
[Black "Moreno Ibanez, Miguel"]
[Result "1-0"]
[WhiteElo "2438"]
[BlackElo "2286"]
[PlyCount "77"]
[EventDate "2016.11.20"]
[EventType "team-tourn"]
[EventRounds "14"]
[EventCountry "ESP"]
[SourceTitle "Ajedrez en Madrid"]
[Source "lmi"]
[SourceDate "2016.11.20"]
[WhiteTeam "Liberty Chess"]
[BlackTeam "Pueblo Nuevo"]
[WhiteTeamCountry "ESP"]
[BlackTeamCountry "ESP"]

1. e4 c5 2. Nf3 d6 3. d4 cxd4 4. Nxd4 Nf6 5. Nc3 g6 6. Be3 Bg7 7. f3 a6 8. Bc4
Nbd7 9. a4 Qc7 10. Ba2 O-O 11. O-O b6 12. Qd2 Bb7 13. Rfd1 Ne5 14. Nde2 Rab8
15. Qe1 Rfc8 16. Qf2 Ba8 17. Bb3 Ned7 18. Nf4 Nc5 19. Ba2 b5 20. axb5 axb5 21.
h4 b4 22. Nce2 Ncxe4 23. fxe4 Qxc2 24. Rd2 Qxe4 25. Ng3 Qb7 26. Bb3 Ng4 27. Qe2
Nxe3 28. Qxe3 Bh6 29. Bd5 Qb6 30. Qxb6 Rxb6 31. Rc2 Rxc2 32. Rxa8+ Kg7 33.
Ngh5+ gxh5 34. Nxh5+ Kg6 35. g4 Be3+ 36. Kh1 f5 37. Rg8+ Kh6 38. Ng7 fxg4 39.
Nf5+ 1-0

[Event "Liga Madrileña - DH 2016-2017"]
[Site "Madrid ESP"]
[Date "2017.03.19"]
[Round "14.12"]
[White "Fernandez Lledo, Javier"]
[Black "Perez Gonzalez, Jose Manuel"]
[Result "0-1"]
[WhiteElo "2239"]
[BlackElo "2322"]
[PlyCount "110"]
[EventDate "2016.11.20"]
[EventType "team-tourn"]
[EventRounds "14"]
[EventCountry "ESP"]
[SourceTitle "Ajedrez en Madrid"]
[Source "lmi"]
[SourceDate "2016.11.20"]
[WhiteTeam "Pueblo Nuevo"]
[BlackTeam "Liberty Chess"]
[WhiteTeamCountry "ESP"]
[BlackTeamCountry "ESP"]

1. e4 c5 2. Nf3 Nc6 3. c3 Nf6 4. e5 Nd5 5. Bc4 Nb6 6. Bb3 d5 7. exd6 Qxd6 8.
O-O c4 9. Bc2 Bg4 10. h3 Bh5 11. d4 cxd3 12. Qxd3 Qxd3 13. Bxd3 Bxf3 14. gxf3
O-O-O 15. Be4 e6 16. b3 Be7 17. a4 Na5 18. Bc2 Bf6 19. Ra2 Nd5 20. Bd2 Nc6 21.
a5 a6 22. Ra4 Rd7 23. Be4 Rhd8 24. Rc1 Be5 25. Na3 Nde7 26. Be3 Rd1+ 27. Rxd1
Rxd1+ 28. Kg2 Bxc3 29. Nc4 f5 30. Bc2 Ra1 31. Nb6+ Kc7 32. Rc4 Bxa5 33. Na8+
Kb8 34. Nb6 Bxb6 35. Bxb6 Nd5 36. Bc5 Kc7 37. Rh4 Rc1 38. Rxh7 Rxc2 39. Rxg7+
Kc8 40. Bd6 e5 41. Kg3 f4+ 42. Kg4 Nf6+ 43. Kf5 Ne8 44. Rg8 Kd7 45. Ba3 Ne7+
46. Bxe7 Kxe7 47. Kxe5 Rxf2 48. Kxf4 Rh2 49. Rh8 Kf7 50. Rh6 b5 51. Rxa6 Rxh3
52. Kg4 Rh1 53. Rb6 Nf6+ 54. Kg3 Rh5 55. b4 Rd5 0-1

[Event "Liga Madrileña - DH 2016-2017"]
[Site "Madrid ESP"]
[Date "2017.03.19"]
[Round "14.13"]
[White "Gallardo Garcia, Andres"]
[Black "Baigorri Navarro, Francisco Javier"]
[Result "1/2-1/2"]
[WhiteElo "2327"]
[BlackElo "2192"]
[PlyCount "74"]
[EventDate "2016.11.20"]
[EventType "team-tourn"]
[EventRounds "14"]
[EventCountry "ESP"]
[SourceTitle "Ajedrez en Madrid"]
[Source "lmi"]
[SourceDate "2016.11.20"]
[WhiteTeam "Liberty Chess"]
[BlackTeam "Pueblo Nuevo"]
[WhiteTeamCountry "ESP"]
[BlackTeamCountry "ESP"]

1. g3 Nf6 2. Bg2 d5 3. d3 g6 4. Nf3 Bg7 5. O-O c5 6. c4 O-O 7. Nc3 Nc6 8. cxd5
Nxd5 9. Bd2 Nc7 10. a3 Bd7 11. Rb1 Rb8 12. b4 cxb4 13. axb4 Nd4 14. Nxd4 Bxd4
15. Ne4 b6 16. Bh6 Re8 17. e3 Bh8 18. d4 Bb5 19. Re1 Bc4 20. Ra1 Nb5 21. Qa4
Rc8 22. Rec1 Bd3 23. Qd1 Bxe4 24. Bxe4 Nc3 25. Qd3 Nxe4 26. Rxc8 Qxc8 27. Qxe4
Qd7 28. Rc1 Bg7 29. Bxg7 Kxg7 30. Rc6 f6 31. Kg2 Kf8 32. Qc2 Qd5+ 33. f3 Rd8
34. Qc3 Qb5 35. Kf2 a5 36. bxa5 bxa5 37. Rc5 Qb4 1/2-1/2

[Event "Liga Madrileña - DH 2016-2017"]
[Site "Madrid ESP"]
[Date "2017.03.19"]
[Round "14.14"]
[White "Nieto de la Cruz, Julio"]
[Black "Fernandez Garcia, Miguel Angel"]
[Result "1/2-1/2"]
[WhiteElo "2144"]
[BlackElo "2366"]
[PlyCount "113"]
[EventDate "2016.11.20"]
[EventType "team-tourn"]
[EventRounds "14"]
[EventCountry "ESP"]
[SourceTitle "Ajedrez en Madrid"]
[Source "lmi"]
[SourceDate "2016.11.20"]
[WhiteTeam "Pueblo Nuevo"]
[BlackTeam "Liberty Chess"]
[WhiteTeamCountry "ESP"]
[BlackTeamCountry "ESP"]

1. d4 d5 2. c4 dxc4 3. e4 e5 4. d5 Nf6 5. Nc3 a6 6. Bxc4 Bd6 7. Nf3 Nbd7 8. Qe2
O-O 9. Bg5 Re8 10. Nh4 h6 11. Bxf6 Nxf6 12. Nf5 Bxf5 13. exf5 e4 14. O-O-O b5
15. Bb3 b4 16. Na4 Qd7 17. g4 Qb5 18. Qd2 e3 19. fxe3 Nxg4 20. Rde1 Ne5 21. Re2
c5 22. Bc2 f6 23. Kb1 c4 24. b3 cxb3 25. axb3 Rac8 26. Rg2 Rc7 27. e4 Kh7 28.
Qd1 Ree7 29. Rhg1 Qe8 30. Nb2 Rc3 31. Na4 Rc8 32. Bd3 a5 33. Qd2 Rcc7 34. Be2
Nd7 35. Rg6 Nf8 36. Bh5 Qb8 37. e5 Rxe5 38. Rxh6+ gxh6 39. Qg2 Re1+ 40. Rxe1
Rg7 41. Qc2 Qa7 42. Nb2 Rg1 43. Rd1 Nd7 44. Nc4 Be5 45. d6 Rxd1+ 46. Qxd1 Bxh2
47. Be8 Kg7 48. Qd5 Qg1+ 49. Kc2 Qf2+ 50. Nd2 Qc5+ 51. Qc4 Qxf5+ 52. Kd1 Ne5
53. Qc7+ Kf8 54. d7 Qg4+ 55. Kc2 Qf5+ 56. Kd1 Qg4+ 57. Kc2 1/2-1/2